| 000 | nam a22 7a 4500 | ||
|---|---|---|---|
| 999 |
_c28848 _d28848 |
||
| 008 | 170327b xxu||||| |||| 00| 0 eng d | ||
| 020 | _a9780536293091 | ||
| 050 | _aQA 39.2 .H67 2007 | ||
| 100 | _aHornsby, John | ||
| 245 |
_aPrecalculus: _bA Graphical Approach to Precalculus with Limits: A Unit Circle Approach/ _cJohn Hornsby; Margaret L. Lial; Gary K. Rockswold |
||
| 250 | _a4th ed. | ||
| 260 |
_aBoston: _bPearson, _c2007. |
||
| 300 |
_axx, 1016 (111)p.: _bill.; _c27cm. |
||
| 521 | _aIncludes index. | ||
| 700 | _aLial Margaret L. | ||
| 700 | _aRockswold, Gary K. | ||
| 942 |
_2lcc _cBOOKS _hQA 39.2 .H67 2007 |
||